000 02248nab a2200301 a 4500
005 20210219162248.0
008 991125s1985 mx 000 0 spa u
035 _aUPN01000200773
049 _aART-E
100 1 _aGuerra Verdeja, José Antonio
100 1 _uguever@ono.com
222 0 0 _aEMPIRIA :
_bREVISTA DE METODOLOGIA DE LAS CIENCIAS SOCIALES
245 0 0 _a¿Qué hay detrás de la muerte de mujeres a manos de sus parejas masculinas? Hacia un análisis del concepto "violencia de género"
260 _aEspaña
300 _a129-156
362 0 _a2014 No. 28, may.-ago-
520 3 _aEste artículo pone de manifiesto la necesidad de una adecuada conceptualización de la «violencia de género» con el fin de analizar qué se encuentra detrás de las muertes de mujeres a manos de sus parejas masculinas y que, con frecuencia, aparecen en los medios de comunicación. A pesar de hallarnos en la sociedad de la información, que implica un mayor desarrollo del ser humano, la inercia del patriarcado supone una fuerte resistencia al mismo. La visibilidad de la violencia contra las mujeres es un ejemplo de ello, pero a su vez refleja tan sólo una cara concreta del poliedro que es la «violencia de género», y cuyo contenido es preciso desentrañar. Contra discursos esencialistas nos hemos situado dentro del paradigma construccionista, planteando una crítica a la equívoca equiparación que se hace entre violencia de género y violencia contra las mujeres. Para ello se han redefinido las categorías estructurales de «hombre» y «mujer» para sacar a la luz el constructo sexo/género, y se ha presentado el género como relación social de dominación analizándolo con independencia del sexo para romper así con uno de los más profundos mecanismos de resistencia del patriarcado, como es la dualidad «dos sexos/dos géneros».
653 0 _aVIOLENCIA DE GENERO
653 0 _aVIOLENCIA CONYUGAL
653 0 _aAGRESION
653 0 _aDUALIDAD
856 4 _uhttp://e-spacio.uned.es/revistasuned/index.php/empiria/article/view/12124/11444
905 _aArticulo
336 _atexto$2rdacontent
337 _acomputadora$2rdamedia
338 _arecurso en linea$2rdacarrier
999 _c172874
_d172874